00399 2200157 4500001002100000008004100021035002000062245003400082260004300116300001500159020001800174084001600192082001000208650001000218990001300228INLIS000000000000090 Ind  a0010-0921000090 aSurvival BorneocHong Jaechol aJakarta :bElex Media Komputindoc2015 a170c22 cm a9786020269825 a741.3 HON b a741.3 aKomik aDI. 2221